000 00470nam a22001817a 4500
008 170725b xxu||||| |||| 00| p tur d
020 _a9756342226
041 _atur
050 _aPL248.B62
100 _aBolat, Salih
_9368
245 _ayol ayrımı
_cSalih Bolat
250 _a1. Basım
260 _aİstanbul
_bToroslu Kitaplığı
_cOcak 2006
300 _a112 Sayfa
500 _aŞiir (Kendi Seçtikleri):4
650 0 _9145
_aTürk Edebiyatı
942 _2lcc
_cBK
999 _c657
_d649